Συγγένεια και οργάνωση του οικιακού χώρου : Συρράκο, 1898-1930

Αποθηκεύτηκε σε:
Λεπτομέρειες βιβλιογραφικής εγγραφής
Κύριος συγγραφέας: Καυταντζόγλου, Ρωξάνη Λ.
Μορφή: Βιβλίο
Γλώσσα:Greek
Δημοσίευση: Αθήνα : Εθνικό Κέντρο Κοινωνικών Ερευνών, 1997
Θέματα:
Ετικέτες: Προσθήκη ετικέτας
Δεν υπάρχουν, Καταχωρήστε ετικέτα πρώτοι!

MARC

LEADER 00000cam a2200000 i 4500
001 1/15355
008 980604s1997 gre d
020 |a 960-7093-50-X 
035 |l 10019792 
040 |a GR-MY-UA  |b gre  |e aacr 
041 0 |a gre 
082 0 |a 306.349 
100 1 |a Καυταντζόγλου, Ρωξάνη Λ. 
245 1 0 |a Συγγένεια και οργάνωση του οικιακού χώρου :  |b Συρράκο, 1898-1930 /  |c Ρωξάνη Λ. Καυταντζόγλου 
260 |a Αθήνα :   |b Εθνικό Κέντρο Κοινωνικών Ερευνών,   |c 1997 
300 |a 260 σ.  |b πιν. 
504 |a Βιβλιογραφία σ. 247-260 
650 0 0 |a Sociology, Rural. 
650 0 0 |a Home economics, Rural. 
650 0 0 |a Social settlements  |z Greece  |z Syrrakon. 
852 |a INST  |b CHIOS  |e 20050804  |h 306.349 KAY  |p 005200025102  |q 005200025102  |t BK  |y 0 
852 |a INST  |b LESVOS  |e 19980604  |h 306.349 KAY  |p 005100013858  |q 005100013858  |t BK  |y 0 
852 |a INST  |b LESVOS  |e 19981210  |h 306.349 KAY  |p 005100017872  |q 005100017872  |t BK  |y 0 
852 |a INST  |b LESVOS  |e 20141104  |h 306.349 KAY  |p 005100054992  |q 005100054992  |t BK  |y 0 
852 |a INST  |b RHODES  |e 20000424  |h 306.349 KAY  |p 005400013525  |q 005400013525  |t BK  |y 0 
901 |a BIBL-1998-2 
901 |a BIBL4-2000-1 
901 |a BIBL2-2005-2 
901 |a BIBL1-2014-3 
909 |a Λ  |b 057110 
909 |a Ρ  |b 073788 
909 |a Χ  |b 119257 
909 |a Λ  |b 191009 
922 |a 1ΕΛΗ  |b 199805  |c ΚΠΣ/ΤΚ  |d EMVASIS 
922 |a 1ΔΩΡ  |b 199805 
922 |a 4ΔΩΡ  |b 200004  |c ΔΩΡΕΑ 
950 |a 103-1998-02-03